00539nam a22001697a 450000500170000001000150001702000260003203500140005803700130007208200150008510000200010024500850012026000260020527000850023130000270031650000260034320180409141927.0 aENG-122500 a9789380574974c695.00 aEN-106032 bDBAD/PUB a650.071154 aPrasher, Rajeev aIndia's management institutes and human capital development /cby Rajeev Prasher aDelhibBookwellc2016 a3/79, Nirankari Colony, bDelhie110009k91-11-27601283mbkwell@nde.vsnl.net.in, a185p.bill. c21cm(Hb) aInclude bibliography